header

Assisted living administration (Record no. 10014)

MARC details
000 -LEADER
fixed length control field 01758nam a22003614a 4500
001 - CONTROL NUMBER
control field ebr10265516
003 - CONTROL NUMBER IDENTIFIER
control field CaPaEBR
006 - FIXED-LENGTH DATA ELEMENTS--ADDITIONAL MATERIAL CHARACTERISTICS--GENERAL INFORMATION
fixed length control field m u
007 - PHYSICAL DESCRIPTION FIXED FIELD--GENERAL INFORMATION
fixed length control field cr cn|||||||||
008 - FIXED-LENGTH DATA ELEMENTS--GENERAL INFORMATION
fixed length control field 040713s2004 nyua sb 001 0 eng
010 ## - LIBRARY OF CONGRESS CONTROL NUMBER
Canceled/invalid LC control number 2004016371
020 ## - INTERNATIONAL STANDARD BOOK NUMBER
Cancelled/invalid ISBN 0826115160
040 ## - CATALOGING SOURCE
Original cataloging agency CaPaEBR
Transcribing agency CaPaEBR
035 ## - SYSTEM CONTROL NUMBER
System control number (OCoLC)298464053
043 ## - GEOGRAPHIC AREA CODE
Geographic area code n-us---
050 14 - LIBRARY OF CONGRESS CALL NUMBER
Classification number HD7287.92.U54
Item number A44 2004eb
082 04 - DEWEY DECIMAL CLASSIFICATION NUMBER
Classification number 362.16/0973
Edition number 22
100 1# - MAIN ENTRY--PERSONAL NAME
Personal name Allen, James E.
Fuller form of name (James Elmore),
Dates associated with a name 1935-
245 10 - TITLE STATEMENT
Title Assisted living administration
Medium [electronic resource] :
Remainder of title the knowledge base /
Statement of responsibility, etc James E. Allen.
250 ## - EDITION STATEMENT
Edition statement 2nd ed.
260 ## - PUBLICATION, DISTRIBUTION, ETC. (IMPRINT)
Place of publication, distribution, etc New York :
Name of publisher, distributor, etc Springer Publishing Co.,
Date of publication, distribution, etc c2004.
300 ## - PHYSICAL DESCRIPTION
Extent xv, 541 p. :
Other physical details ill.
504 ## - BIBLIOGRAPHY, ETC. NOTE
Bibliography, etc Includes bibliographical references (p. 529-541) and index.
505 0# - FORMATTED CONTENTS NOTE
Formatted contents note Assisted living industry overview, management, leadership -- Assisted living facility organizational patterns; human resources -- Assisted living facility financing, business operations -- The assisted living facility environment : the long term care continuum laws and regulations -- Assisted living facility resident care.
533 ## - REPRODUCTION NOTE
Type of reproduction Electronic reproduction.
Place of reproduction Palo Alto, Calif. :
Agency responsible for reproduction ebrary,
Date of reproduction 2013.
Note about reproduction Available via World Wide Web.
-- Access may be limited to ebrary affiliated libraries.
650 #0 - SUBJECT ADDED ENTRY--TOPICAL TERM
Topical term or geographic name as entry element Congregate housing
Geographic subdivision United States
General subdivision Administration.
Topical term or geographic name as entry element Older people
General subdivision Home care
Geographic subdivision United States.
Topical term or geographic name as entry element Older people
General subdivision Housing
Geographic subdivision United States.
Topical term or geographic name as entry element Community health services for older people
Geographic subdivision United States.
655 #7 - INDEX TERM--GENRE/FORM
Genre/form data or focus term Electronic books.
Source of term local
710 2# - ADDED ENTRY--CORPORATE NAME
Corporate name or jurisdiction name as entry element ebrary, Inc.
856 40 - ELECTRONIC LOCATION AND ACCESS
Uniform Resource Identifier <a href="http://site.ebrary.com/lib/rucke/Doc?id=10265516">http://site.ebrary.com/lib/rucke/Doc?id=10265516</a>
Public note An electronic book accessible through the World Wide Web; click to view

No items available.

© 2026 Rongo University
Contact us: librarian | system librarian | Rongo university